000 00437nam a2200157Ia 4500
008 241127s9999||||xx |||||||||||||| ||und||
020 _a9780300101928
_c160160
040 _beng
_cSSK Library
_erda
082 _a391/EVA
100 _a Caroline Evans
245 0 _aFashion At The Edge: Spectacle, Modernity And Deathliness
260 _b Yale University Press
_c©2003
942 _22ddc
_cBOOK
_nNo
999 _c11000
_d11000
003 OSt
005 20241127152841.0